| 000 | 00341 a2200133 4500 | ||
|---|---|---|---|
| 001 | 57670 | ||
| 082 | _a80304 | ||
| 090 |
_c35351 _d35351 |
||
| 100 | _aRudy kouhoupt | ||
| 245 | _aAdvanced aspects of milling machine operations, 120min [DVD] | ||
| 260 |
_bNew Life Video Productions _c2000 |
||
| 300 | _e7 pages guide book | ||
| 500 | _aCD/DVD | ||
| 942 |
_aNUST-CAE _k80304 |
||
| 999 |
_c292743 _d292743 |
||